Assessing the Impact of Requiring Justification and Approval Review for Sole Source 8(a) Native American Contracts in Excess of (Record no. 351759)
[ view plain ]
| 000 -LEADER | |
|---|---|
| fixed length control field | 00846nam a2200133Ia 4500 |
| 008 - FIXED-LENGTH DATA ELEMENTS--GENERAL INFORMATION | |
| fixed length control field | 171212s9999 xx 000 0 und d |
| 020 ## - INTERNATIONAL STANDARD BOOK NUMBER | |
| International Standard Book Number | 9780833053268 |
| 100 ## - MAIN ENTRY--PERSONAL NAME | |
| Personal name | Moore, Nancy Y.;Cox, Amy G.;Grammich, Clifford A.;Mele, Judith D. |
| 245 ## - TITLE STATEMENT | |
| Statement of responsibility, etc | Moore, Nancy Y.;Cox, Amy G.;Grammich, Clifford A.;Mele, Judith D. |
| Title | Assessing the Impact of Requiring Justification and Approval Review for Sole Source 8(a) Native American Contracts in Excess of |
| -- | 0 Million |
| 260 ## - PUBLICATION, DISTRIBUTION, ETC. (IMPRINT) | |
| Name of publisher, distributor, etc | RAND Corporation |
| Date of publication, distribution, etc | 2012 |
| 650 ## - SUBJECT ADDED ENTRY--TOPICAL TERM | |
| Topical term or geographic name as entry element | Economics |
| 650 ## - SUBJECT ADDED ENTRY--TOPICAL TERM | |
| Topical term or geographic name as entry element | Public contracts -- United States -- Evaluation; Indian business enterprises -- Law and legislation -- United States; Federal aid to small business -- United States; Indians of North America -- Legal status, laws, etc.; Minority business enterprises -- La |
| 856 ## - ELECTRONIC LOCATION AND ACCESS | |
| Uniform Resource Identifier | <a href="http://www.jstor.org/stable/10.7249/j.ctt5hhvsv">http://www.jstor.org/stable/10.7249/j.ctt5hhvsv</a> |
| Withdrawn status | Lost status | Damaged status | Home library | Current library | Date acquired | Total Checkouts | Full call number | Date last seen | Price effective from | Koha item type |
|---|---|---|---|---|---|---|---|---|---|---|
| College Library | College Library | 12/12/2017 | KF849.M665 2012 | 12/12/2017 | 12/12/2017 | Curriculum - Based eBooks |